Haz clic rápido - ¡Muerte súbita! - Estadísticas

Estadísticas generales
  • Esta prueba ha sido intentada 1.216 veces
    1.169 desde el último reinicio
  • La puntuación promedio es 6 de 26
Answers on the Grid
Answers color-coded by a green-red scale on the quiz's grid according to % correct below.
¡Haz clic aquí!
¡Haz clic aquí!
¡Haz clic aquí!
¡Haz clic aquí!
¡Haz clic aquí!
Haz clic aquí!
¡Haz clic aquí!
¡Haz clic aquí!
¡Haz clic aquí!
¡Haz clic aquí!
Haz clic aquí!
¡Haz clic aquí!
¡Haz clic aquí!
¡Haz clic aquí!
¡Haz clic aquí!
Haz clic aquí!
¡Haz clic aquí!
¡Haz clic aquí!
¡Haz clic aquí!
¡Haz clic aquí!
¡Haz clic aquí!
¡Haz clic aqui!
¡Haz clic aquí!
¡Haz clic aquí!
¡Haz clic aquí!
¡Haz clic aquí!
¡Haz clic aquí!
¡Has clic aquí!
¡Haz clic aquí!
¡Haz clic aquí!
¡Haz clic aquí!
¡Haz click aquí!
 
Estadísticas de respuestas
Respuesta % Correcto
¡Haz clic aquí!
82%
¡Haz clic aquí!
53%
¡Haz clic aquí!
49%
¡Haz clic aquí!
40%
¡Haz clic aquí!
39%
¡Haz clic aquí!
35%
¡Haz clic aquí!
34%
¡Haz clic aquí!
29%
¡Haz clic aquí!
28%
¡Haz clic aquí!
28%
¡Haz clic aquí!
25%
¡Haz clic aquí!
25%
¡Haz clic aquí!
23%
¡Haz clic aquí!
21%
¡Haz clic aquí!
20%
¡Haz clic aquí!
19%
¡Haz clic aquí!
13%
¡Haz clic aquí!
11%
¡Haz clic aquí!
11%
¡Haz clic aquí!
8%
¡Haz clic aquí!
6%
¡Haz clic aquí!
5%
¡Haz clic aquí!
4%
¡Haz clic aquí!
4%
¡Haz clic aquí!
4%
¡Haz clic aquí!
3%
No se encontraron pruebas coincidentes
Distribución de puntuación
Porcentaje de gente con cada puntuación
Porcentaje por número respondido
Historial de tus puntuaciones
No has intentado esta prueba desde el último reinicio